000 00232nam a2200097Ia 4500
008 190216s9999||||xx |||||||||||||| ||und||
100 _aJaneendranath
245 0 _aHindi-Myla Anchal
260 _bMac Millian And Com. Ltd
942 _cBK
999 _c17952
_d17952